[Event "Wch Blitz"]
[Site "St Petersburg"]
[Date "2018.12.30"]
[Round "13"]
[White "Alsulaymi, Abdullah M"]
[Black "Masrahi, Abdulrahman A"]
[Result "0-1"]
[WhiteElo "1833"]
[BlackElo "1903"]
[PlyCount "56"]
[EventDate "2018.12.29"]
[EventType "swiss (blitz)"]
[EventRounds "21"]
[EventCountry "RUS"]
[SourceTitle "CBM 187 Extra"]
[Source "ChessBase"]
[SourceDate "2018.11.04"]
[SourceVersion "1"]
[SourceVersionDate "2018.11.04"]
[SourceQuality "1"]

1. e4 e5 2. f4 exf4 3. Bc4 Qh4+ 4. Kf1 Nc6 5. Nf3 Qf6 6. d4 d6 7. Nc3 Bg4 8. Nd5 Qd8 9. Bxf4 Nf6 10. Bg5 Be7 11. Nxe7 Qxe7 12. Bd3 Nxd4 13. Nxd4 Bxd1 14. Nf5 Qe5 15. Rxd1 0-0-0 16. Ke2 Rde8 17. Bxf6 Qxf6 18. Rhf1 Qe5 19. Ng3 Rhf8 20. Rf5 Qxb2 21. Rb5 Qxa2 22. Rdb1 b6 23. R5b3 f5 24. Kd2 fxe4 25. Nxe4 Qa5+ 26. Nc3 Rf2+ 27. Kd1 Rxg2 28. Rb5 Qxc3 0-1

[Event "Wch Blitz"]
[Site "St Petersburg"]
[Date "2018.12.29"]
[Round "4"]
[White "Alsulaymi, Abdullah M"]
[Black "Anikonov, Dmitry"]
[Result "0-1"]
[WhiteElo "1833"]
[BlackElo "2371"]
[PlyCount "34"]
[EventDate "2018.12.29"]
[EventType "swiss (blitz)"]
[EventRounds "21"]
[EventCountry "RUS"]
[SourceTitle "CBM 187 Extra"]
[Source "ChessBase"]
[SourceDate "2018.11.04"]
[SourceVersion "1"]
[SourceVersionDate "2018.11.04"]
[SourceQuality "1"]

1. e4 Nc6 2. d4 d5 3. Nc3 e6 4. Nf3 Bb4 5. e5 f6 6. Bd3 fxe5 7. 0-0 Bxc3 8. bxc3 e4 9. Ng5 exd3 10. Qxd3 Nf6 11. Re1 0-0 12. Re3 h6 13. Nf3 Ne4 14. Ne5 Nxe5 15. dxe5 Qh4 16. g3 Qh3 17. Ba3 Rxf2 0-1

[Event "Wch Blitz"]
[Site "St Petersburg"]
[Date "2018.12.29"]
[Round "10"]
[White "Alsulaymi, Abdullah M"]
[Black "Perdomo, Carlos Andres"]
[Result "0-1"]
[WhiteElo "1833"]
[BlackElo "2301"]
[PlyCount "142"]
[EventDate "2018.12.29"]
[EventType "swiss (blitz)"]
[EventRounds "21"]
[EventCountry "RUS"]
[SourceTitle "CBM 187 Extra"]
[Source "ChessBase"]
[SourceDate "2018.11.04"]
[SourceVersion "1"]
[SourceVersionDate "2018.11.04"]
[SourceQuality "1"]

1. e4 c5 2. b4 b6 3. bxc5 bxc5 4. Nf3 e6 5. Nc3 Nc6 6. Rb1 d6 7. Be2 Nf6 8. 0-0 Be7 9. d4 cxd4 10. Nxd4 Nxd4 11. Qxd4 0-0 12. Be3 Bd7 13. Rb7 Bc6 14. Rxa7 Rxa7 15. Qxa7 Nxe4 16. Nxe4 Bxe4 17. a4 Bg5 18. Bb6 Qa8 19. Qxa8 Rxa8 20. a5 Bb7 21. Rb1 Bd2 22. Bc7 Be4 23. a6 f5 24. Bxd6 Bc3 25. Rb8+ Kf7 26. Rxa8 Bxa8 27. a7 Bd4 28. Bb8 e5 29. c4 e4 30. Kf1 Ke7 31. f3 Kd7 32. fxe4 fxe4 33. h4 g6 34. g4 Kc8 35. h5 Kb7 36. hxg6 hxg6 37. Kg2 Bxa7 38. Bf4 Bd4 39. Kg3 Kc6 40. Kh4 Bf6+ 41. g5 Bd4 42. Kg4 Bb7 43. Bd1 Bc8+ 44. Kg3 Be6 45. Ba4+ Kc5 46. Be8 Bf5 47. Bf7 Bc3 48. Bd5 Be1+ 49. Kg2 Kd4 50. Kf1 Bc3 51. Ke2 Bb4 52. Be3+ Ke5 53. Kf2 Bd6 54. Kg3 Bb4 55. Bf4+ Kd4 56. Bc7 Bd7 57. Kf4 Bd2+ 58. Kg3 e3 59. Bf3 Kxc4 60. Kg2 Kd3 61. Kf1 Bh3+ 62. Kg1 e2 63. Bxe2+ Kxe2 64. Kh2 Bf5 65. Bd8 Bf4+ 66. Kg2 Ke3 67. Bf6 Ke2 68. Be7 Be4+ 69. Kh3 Kf3 70. Kh4 Bg3+ 71. Kh3 Bf5# 0-1

[Event "Wch Blitz"]
[Site "St Petersburg"]
[Date "2018.12.29"]
[Round "11"]
[White "Khayat, Abdullah F"]
[Black "Alsulaymi, Abdullah M"]
[Result "0-1"]
[WhiteElo "1723"]
[BlackElo "1833"]
[PlyCount "96"]
[EventDate "2018.12.29"]
[EventType "swiss (blitz)"]
[EventRounds "21"]
[EventCountry "RUS"]
[SourceTitle "CBM 187 Extra"]
[Source "ChessBase"]
[SourceDate "2018.11.04"]
[SourceVersion "1"]
[SourceVersionDate "2018.11.04"]
[SourceQuality "1"]

1. d4 Nf6 2. Nf3 g6 3. g3 Bg7 4. Bg2 0-0 5. 0-0 d6 6. c3 Nbd7 7. Re1 e5 8. dxe5 dxe5 9. e4 a5 10. a4 Rb8 11. Bg5 h6 12. Bc1 Re8 13. Nbd2 Nc5 14. Qc2 Nd3 15. Re3 Nxf2 16. Kxf2 Ng4+ 17. Ke2 Nxe3 18. Kxe3 f5 19. exf5 Bxf5 20. Qb3+ Kh8 21. Nh4 Qd3+ 22. Kf2 e4 23. Nxf5 gxf5 24. Nc4 Rbd8 25. Be3 Qd5 26. Nd2 Qxb3 27. Nxb3 b6 28. Nd4 c5 29. Ne2 Rd6 30. Nf4 Red8 31. Bf1 Kh7 32. Be2 Be5 33. h3 Rg8 34. Rd1 Rxd1 35. Bxd1 Rd8 36. Be2 Rd6 37. h4 Kg7 38. Bc4 Rd1 39. Nh5+ Kg6 40. Nf4+ Bxf4 41. Bxf4 Rb1 42. Ke3 Rxb2 43. Be5 Rb1 44. Kf4 Ra1 45. h5+ Kh7 46. Bf7 Rxa4 47. Kxf5 e3 48. Bg6+ Kg8 0-1

[Event "Wch Blitz"]
[Site "St Petersburg"]
[Date "2018.12.29"]
[Round "5"]
[White "Vastrukhin, Oleg"]
[Black "Alsulaymi, Abdullah M"]
[Result "1-0"]
[WhiteElo "2413"]
[BlackElo "1833"]
[PlyCount "46"]
[EventDate "2018.12.29"]
[EventType "swiss (blitz)"]
[EventRounds "21"]
[EventCountry "RUS"]
[SourceTitle "CBM 187 Extra"]
[Source "ChessBase"]
[SourceDate "2018.11.04"]
[SourceVersion "1"]
[SourceVersionDate "2018.11.04"]
[SourceQuality "1"]

1. e4 Nf6 2. e5 Nd5 3. c4 Nb6 4. c5 Nd5 5. Bc4 e6 6. Nc3 Nxc3 7. dxc3 d5 8. cxd6 cxd6 9. Bf4 d5 10. Bd3 Be7 11. Qg4 g6 12. Nf3 Nc6 13. h4 Bd7 14. h5 gxh5 15. Qg7 Rf8 16. Qxh7 Qb6 17. Bh6 Qxb2 18. 0-0 0-0-0 19. Rab1 Qxc3 20. Rfc1 Qa3 21. Bxf8 Rxf8 22. Bb5 Kb8 23. Bxc6 Bc8 1-0